Normal view
MARC view
- Radford, Antony.
Entry Personal Name
001 - CONTROL NUMBER
- control field: 7340
003 - CONTROL NUMBER IDENTIFIER
- control field: OSt
005 - DATE AND TIME OF LATEST TRANSACTION
- control field: 20170523155132.0
008 - FIXED-LENGTH DATA ELEMENTS
- fixed length control field: 170523|| aca||aabn | a|a d
040 ## - CATALOGING SOURCE
- Original cataloging agency: OSt
- Transcribing agency: OSt
100 ## - HEADING--PERSONAL NAME
- Personal name: Radford, Antony.
670 ## - SOURCE DATA FOUND
- Source citation: Work cat.: (OSt): Radford, Antony., Design by optimization in architecture, building and construction / , c1988.

PORTAL AKMAL
E-MEL JKDM
AKMAL2U
G-BAM
u-PUSTAKA